[Event "RUS-chT 11th"]
[Site "Sochi"]
[Date "2004.04.22"]
[Round "3.3"]
[White "Riazantsev, Alexander"]
[Black "Ivanov, Sergey"]
[Result "1-0"]
[WhiteElo "2556"]
[BlackElo "2546"]
[Annotator "Lutz,C"]
[PlyCount "81"]
[EventDate "2004.04.20"]
[EventType "team-tourn"]
[EventRounds "9"]
[EventCountry "RUS"]
[SourceTitle "EXT 2020"]
[Source "ChessBase"]
[SourceDate "2019.10.17"]
[SourceVersion "1"]
[SourceVersionDate "2019.10.17"]
[SourceQuality "1"]
[WhiteTeam "Nizhny Tagil Politekhnik"]
[BlackTeam "Sankt Petersburg"]
[WhiteTeamCountry "RUS"]
[BlackTeamCountry "RUS"]

1. d4 {Ftacnik} d5 2. c4 c6 3. Nf3 Nf6 4. Nc3 e6 5. Bg5 dxc4 6. e4 b5 7. e5 h6
8. Bh4 g5 9. Nxg5 hxg5 10. Bxg5 Nbd7 11. g3 (11. exf6 Bb7 12. g3 c5 13. d5 Qc7
14. Bg2 b4 $1 {0-1 Ruck,R-Mastrovasilis,D/Topola 2004/CBM 101/[Lutz] (50)})
11... Qc7 12. exf6 c5 13. Bg2 Bb7 14. O-O $1 {Dank der Zugfolge mit 11.g3 ist
Weiß nun nicht gezwungen, mit 14.d5 zu reagieren. Weiß scheint besser zu
stehen.} Bxg2 (14... b4 $6 15. Bf4 $1 e5 16. Nd5 Bxd5 17. Bxd5 O-O-O 18. dxe5
Nxe5 19. Bxe5 Qxe5 20. Qg4+ $16 {Ruban,V}) 15. Kxg2 O-O-O $146 (15... Qb7+ 16.
f3 (16. Qf3 $4 Rxh2+ {0-1 Bjornskov,K-Bentzen,E/Tonder 1993/EXT 2000 (16)})
16... O-O-O 17. dxc5 (17. d5 Nb6 18. Nxb5 Nxd5 19. Qa4 a6 20. Na3 Qxb2+ 21. Nc2
Qb5 22. Qa3 c3 23. h4 c4 24. Qc1 Bc5 $36 {1/2-1/2 Bellon Lopez,J-Vera,R/Santa
Clara 2000/CBM 78 (75)}) 17... Nxc5 18. Qe2 Nd3 19. Ne4 Qc6 (19... Bh6 20. h4 (
20. Bxh6 Rxh6 21. b3 Qb6 22. bxc4 bxc4 23. Qc2 Qc6 24. Rab1 Rh5 25. Rb3 Rb5 26.
Rxb5 Qxb5 27. Rb1 Qa6 28. Nd2 Rd4 29. Qc3 e5 30. a3 Qc6 31. Qa5 c3 32. Qxa7 Nb4
33. Nb3 Rd7 34. Qg1 c2 35. axb4 Rd3 36. Rc1 Qxf3+ 37. Kh3 Qh5+ 38. Kg2 Qf3+ 39.
Kh3 Qf5+ 40. Kg2 Qe4+ 41. Kh3 Qh7+ 42. Kg2 {1/2-1/2 Ruban,V-Savchenko,S/
Tbilisi 1989/CBM 12 (42)}) 20... Qb6 21. b3 Qd4 22. bxc4 bxc4 23. Rab1 Rd5 24.
Qc2 Bxg5 25. hxg5 Ra5 26. Rfd1 Rd8 27. a4 Re5 28. Rxd3 Qxd3 29. Qb2 Qb3 30.
Qxe5 Qxb1 31. Nd6+ Rxd6 32. Qxd6 Qc2+ 33. Kf1 Qb1+ 34. Ke2 Qb2+ 35. Ke3 Qc1+
36. Ke2 Qb2+ 37. Ke3 Qc1+ 38. Qd2 Qg1+ 39. Qf2 Qc1+ 40. Qd2 Qg1+ 41. Qf2 Qc1+
42. Ke2 Qc2+ 43. Kf1 Qc1+ 44. Ke2 {1/2-1/2 Nielsen,U-Bentzen,E/Denmark 1994/
EXT 99 (44)}) 20. Rfd1 Bc5 21. b3 Ba3 22. bxc4 bxc4 23. Rab1 Rd5 24. h4 Rhd8
25. Rd2 Nb4 26. Qf2 R8d7 27. h5 c3 28. Rxd5 c2 29. Rxb4 Rxd5 30. Rb3 Rxg5 31.
Qxa7 Rb5 32. Rc3 $2 (32. Rxb5 $18 Qxb5 33. Qxa3 Qe2+ 34. Nf2 Qd2 35. Qf8+ Kb7
36. Qxf7+ Kb8 37. Qf8+ Kc7 38. Qe7+ Kc6 39. Qxe6+) 32... Qxc3 33. Nxc3 Rb2 34.
Qa8+ Kd7 35. Qa4+ Kd8 36. Qa5+ Kd7 37. Qa4+ Kd8 38. Qa8+ Kd7 39. Qa4+ Kd8 40.
Qa5+ Kd7 41. Qa4+ Kd8 42. Qa8+ {1/2-1/2 Hansen,C-Dominguez,L/Esbjerg 2002/CBM
91/[Lutz] (42)}) 16. dxc5 Qc6+ (16... Nxc5 {Ftacnik} 17. Qf3 b4 18. Ne2 Nd3 19.
Rad1 Qc5 20. h4 Qd5 $13) 17. f3 Nxc5 {Im Vergleich zur Variante 15...Qb7+ 16.
f3 0-0-0 17.dxc5 Nxc5 18.Qe2 (s.o.) steht die schwarze Dame auf c6 statt auf
b7, dieser Umstand ist vermutlich günstiger für Schwarz. Ob dies reicht, die
schwarze Stellung attraktiv erscheinen zu lassen?} (17... Rh5 {Ftacnik} 18. h4
(18. Be3 Nxf6 19. Qe2 Ng4 20. Bg1 Bxc5 21. h3 Bxg1 22. Rxg1 Re5 $17) 18... Nxc5
19. Qe2 Nd3 $11) 18. Qe2 {Ftacnik: 'Both kings are far from safe and thus it
made sense to think about the reatreat to square c2 with the support of the
move b3.'} (18. Qc2 {Ftacnik} Nd3 19. Rad1 Rd7 20. Ne4 $14) 18... Bh6 {'?!'
Ftacnik.} (18... Nd3 $5 19. Ne4 {Ftacnik} Bc5 $11) 19. Bxh6 (19. h4 {Ftacnik}
Bxg5 20. hxg5 Nd3 21. Rh1 Qc5 $11) 19... Rxh6 20. Rad1 (20. b4 $1 {Ftacnik} Nd3
(20... cxb3 $2 21. Nxb5 $18) 21. a4 Rdh8 22. Rh1 $14) 20... Rxd1 {Schwarz
setzt auf den Rückgewinn seines Minusbauern, muss dafür aber den Übergang in
ein schlechtes Turmendspiel zulassen.} (20... Nd3 $5) (20... Rdh8 {Ftacnik} 21.
Rh1 Rxf6 22. a4 $1 bxa4 23. Ne4 $14) 21. Rxd1 Rxf6 22. Ne4 {'!' Ftacnik.
Ftacnik: 'Riazantsev has courageously decided to transfer the game to the rook
ending, free "h" pawn could become very dangerous for black.'} Nxe4 (22... Rg6
{Ftacnik} 23. Nxc5 Qxc5 24. Qe4 $1 $18) 23. Qxe4 Qxe4 (23... e5 $1 {Ftacnik}
24. Rd5 Rd6 25. Rxd6 Qxd6 26. Qa8+ Kd7 27. Qxa7+ Ke6 28. Qe3 Qd4 29. Qe2 b4 $13
) 24. fxe4 $16 {Das Endspiel ist besser für Weiß, da sein h-Bauer gefährlich
ist als die schwarzen Bauern am Damenflügel. Allerdings ist die Sache knapp.}
Kc7 25. h4 Rh6 (25... Kc6 26. h5 (26. Rf1 $5 Rxf1 {Ftacnik} 27. Kxf1 Kd6 28. h5
Ke5 29. g4 Kf6 30. Ke2 b4 31. Ke3 e5 $11) 26... b4 (26... Rh6 {Ftacnik} 27. g4
f5 28. Kf3 Rh7 29. Rh1 fxg4+ 30. Kxg4 $16) 27. Rh1 Rh6 28. g4 $16) 26. Kf3 (26.
Rh1 Kd6 $132) 26... Rf6+ {Schwarz will seinen Turm aktivieren, muss dafür aber
den weißen König eindringen lassen.} (26... Kc6 27. e5 $16) (26... a5 {Ftacnik}
27. e5 Kc6 28. Rd8 $14) 27. Ke3 Rg6 28. Kf4 Rf6+ 29. Ke5 Rf2 {'?' Ftacnik.
Ftacnik: 'Decisive mistake in the critical moment, black has underestimated
the active location of the white king.'} (29... Rg6 $1 {Ftacnik} 30. Rf1 Rg7
31. Rf4 Kd7 32. g4 Ke7 33. g5 Rh7 34. Kd4 $14) 30. Rh1 $18 Rxb2 31. h5 Rd2 (
31... Rxa2 32. h6 Rd2 33. h7 Rd8 34. h8=Q Rxh8 35. Rxh8 $18 {ist ebenfalls
hoffnungslos, da der weiße König zu nahe steht.}) 32. h6 Rd8 33. h7 Rh8 34. Kf6
b4 35. Kxf7 a5 36. Kg7 Rd8 37. h8=Q Rxh8 38. Kxh8 b3 39. axb3 cxb3 40. g4 a4
41. Rb1 1-0

[Event "Copenhagen KS"]
[Site "Copenhagen"]
[Date "1996.??.??"]
[Round "6"]
[White "Parker, Jonathan"]
[Black "Hector, Jonny"]
[Result "0-1"]
[WhiteElo "2470"]
[BlackElo "2525"]
[Annotator "Lutz,C"]
[PlyCount "70"]
[EventDate "1996.07.05"]
[EventType "tourn"]
[EventRounds "9"]
[EventCountry "DEN"]
[EventCategory "10"]
[SourceTitle "CBM 055"]
[Source "ChessBase"]
[SourceDate "1996.12.01"]
[SourceVersion "1"]
[SourceVersionDate "1996.12.01"]
[SourceQuality "1"]

1. d4 d5 2. c4 c6 3. Nf3 Nf6 4. Nc3 e6 5. Bg5 dxc4 6. e4 b5 7. e5 h6 8. Bh4 g5
9. exf6 gxh4 10. Ne5 Qxf6 11. a4 h3 $5 $146 {Dieser Zug war bislang erst nach
11... Bb7 12.Be2 bekannt.} (11... Bb7 12. Be2 h3) 12. gxh3 $6 (12. g3 $5) 12...
Bd6 13. Qe2 (13. Ne4 Bb4+) 13... Rg8 14. O-O-O Nd7 15. Qe4 Bb7 16. Nxb5 cxb5
17. Qxb7 Rd8 18. Be2 bxa4 19. Nxc4 Qf4+ 20. Kb1 a3 21. Qc6 Ke7 22. Qxd6+ Qxd6
23. Nxd6 Kxd6 24. bxa3 Rb8+ 25. Ka2 Nb6 $15 {[%csl Ra2,Rc3][%cal Yb6d5,Yd5c3,
Yc3a2,Yb6a4,Ya4c3]} 26. Rc1 Rg2 27. Rhf1 Rxh2 28. Bh5 f5 29. Rc3 Nd5 30. Rf3
Nf6 31. Bf7 Rb7 32. Bg6 Rg7 33. Bxf5 exf5 34. Rxf5 Nd5 35. Re1 Rgg2 0-1

[Event "Beersheba-Peterburg Kings m"]
[Site "St Petersburg"]
[Date "1999.06.05"]
[Round "1"]
[White "Mikhalevski, Victor"]
[Black "Ivanov, Sergey"]
[Result "0-1"]
[WhiteElo "2531"]
[BlackElo "2528"]
[Annotator "Lutz,C"]
[PlyCount "68"]
[EventDate "1999.06.??"]
[EventType "schev"]
[EventRounds "10"]
[EventCountry "RUS"]
[SourceTitle "CBM 072"]
[Source "ChessBase"]
[SourceDate "1999.10.01"]
[SourceVersion "1"]
[SourceVersionDate "1999.10.01"]
[SourceQuality "1"]

1. d4 d5 2. c4 c6 3. Nf3 Nf6 4. Nc3 e6 5. Bg5 dxc4 6. e4 b5 7. e5 h6 8. Bh4 g5
9. Nxg5 hxg5 10. Bxg5 Nbd7 11. g3 Bb7 12. Bg2 Qb6 13. exf6 O-O-O 14. O-O c5 15.
d5 b4 16. Rb1 Qa6 17. dxe6 Bxg2 18. e7 Bb7 $5 $146 {Dieser Zug ist eine
Neuerung. Jahrelang drehte sich die theoretische Schlacht um 18...Bxf1, was
nach der Partie Z.Azmaiparashvili-A.Shirov (Madrid 1996) als remis gilt. Die
Idee von 18...Bb7 ist ähnlich zu der nach 18...Ba8!? (was bereits einige Male
gespielt wurde), nämlich der Erhalt des Läufers, um Drohungen entlang der
Diagonale a8-h1 aufstellen zu können. Ob der Läufer besser auf b7 oder auf a8
steht, ist nicht klar, zumindest liefert die vorliegende Partie keinen Hinweis
darauf.} (18... Bxf1 19. Qd5 Bh6 20. Bxh6 Bd3 21. Qa8+ Nb8 22. exd8=Q+ Rxd8 23.
Re1 bxc3 24. Bf4 Qb6 25. bxc3 Bf5 26. h4 Qb7 27. Qxb7+ Kxb7 28. Re7+ Rd7 29.
Bxb8 Kxb8 30. Rxd7 Bxd7 31. Kg2 Kc7 32. Kf3 Kd6 33. Kf4 Bc6 34. Kg5 Bf3 35. Kf5
Kd5 36. g4 Kd6 37. h5 Kd5 38. Kf4 Bd1 39. Kg5 Bf3 40. Kf4 Bd1 41. Kg5 Bf3 42.
Kf4 {1/2-1/2 Azmaiparashvili,Z-Shirov,A/Madrid 1996/CBM 53/[Shirov] (42)}) (
18... Ba8 19. Nd5 $5 (19. exd8=Q+ Kxd8 20. Ne2 Kc8 $44 {Yermolinsky,A-Shabalov,
A/USSR 1986/}) 19... Qe6 $5 (19... Qb7 $5 {Ftacnik} 20. exf8=Q Rhxf8 21. Ne7+
Kc7 22. Bf4+ Ne5 23. Bxe5+ Kb6 24. f3 Rxd1 25. Rbxd1 Re8 {/\ Rxe7}) 20. exf8=Q
(20. exd8=Q+ {Ftacnik} Kxd8 21. Nf4 Qf5 22. Qd2 Kc8 23. Rbd1 Bc6 24. h4 Ne5 25.
Qd8+ Kb7 26. f3 Bxf3 27. Nd5 Qh3 28. Qc7+ Ka6 29. Rxf3 Nxf3+ 30. Kf2 Nxg5 $10)
20... Rdxf8 21. Ne7+ Kd8 22. f3 Rh5 $13 {Ftacnik,L. 1/2-1/2 Uhlmann,W-Schoen,W/
Porz 1990/CBM 21/[Ftacnik] (65)}) 19. exd8=Q+ ({Nach} 19. Nd5 $5 Qe6 20. exf8=Q
Rdxf8 21. Ne7+ {(analog zu Uhlmann-Schoen) kann sich der schwarze König auf a8
verstecken, da sein Läufer auf b7 steht.} Kb8 22. Bf4+ Ka8 $17) 19... Kxd8 20.
Re1 $2 {Dieses Figurenopfer verstehe ich nicht.} (20. Ne2 Kc8 $13) 20... bxc3
21. bxc3 Qc6 22. Rxb7 $2 (22. f3 Qxf3 23. Qxf3 Bxf3) 22... Qxb7 $17 23. Qd2 Qc6
24. Bf4 Rh5 25. Qe2 Nxf6 26. Be5 Rf5 27. f4 (27. g4 Rf3 $19) 27... Nd7 28. g4
Nxe5 $19 29. fxe5 Rf3 30. Qxc4 Bh6 31. g5 Bxg5 32. Qg4 Be7 33. Qg8+ Kc7 34. e6
c4 0-1

[Event "Karadjordje Serbia"]
[Site "Topola"]
[Date "2004.05.06"]
[Round "3"]
[White "Ruck, Robert"]
[Black "Mastrovasilis, Dimitrios"]
[Result "0-1"]
[WhiteElo "2556"]
[BlackElo "2533"]
[Annotator "Lutz,C"]
[PlyCount "100"]
[EventDate "2004.05.04"]
[EventType "tourn"]
[EventRounds "11"]
[EventCountry "YUG"]
[EventCategory "13"]
[SourceTitle "CBM 101"]
[Source "ChessBase"]
[SourceDate "2004.07.27"]
[SourceVersion "1"]
[SourceVersionDate "2004.07.27"]
[SourceQuality "1"]

1. Nf3 d5 2. d4 Nf6 3. c4 c6 4. Nc3 e6 5. Bg5 dxc4 6. e4 b5 7. e5 h6 8. Bh4 g5
9. Nxg5 hxg5 10. Bxg5 Nbd7 11. exf6 (11. g3 Qc7 12. exf6 c5 13. Bg2 Bb7 14. O-O
Bxg2 15. Kxg2 O-O-O 16. dxc5 {1-0 Riazantsev,A-Ivanov,S/Sochi 2004/CBM 101/
[Lutz] (41)}) 11... Bb7 12. g3 c5 13. d5 Qc7 $5 {Eine seltene Variante, die
von dem jungen kubanischen GM Lenier Dominguez wiederbelebt wurde,
insbesondere in Verbindung mit dem nächsten Zug. Sollte sich dieses Abspiel
als gut für Schwarz herausstellen, so wäre dies ein Argument für die Zugfolge
11.g3 Bb7 12.Bg2, da dann nach 12..Qc7 13.exf6 c5 Weiß nicht 14.d5 spielen
muss, sondern über die Möglichkeit 14.0-0 verfügt.} 14. Bg2 b4 15. Nb5 Qb6 16.
dxe6 Qxe6+ 17. Kf1 $146 {Eine Neuerung, die aber dieses Abspiel trotzdem nicht
attraktiv für Weiß erscheinen lässt.} (17. Be3 O-O-O 18. Nxa7+ (18. Bxb7+ {
Ftacnik} Kxb7 19. Qf3+ Qc6 20. Qxc6+ Kxc6 21. Nxa7+ Kb6 22. O-O-O Kxa7 23. Rd5
Kb7 24. Rhd1 Kc7 25. h4 Bh6 26. f4 Bf8 $17) 18... Kb8 19. Bxb7 Kxb7 20. a3 (20.
Nb5 {Ftacnik} Qc6 $17) 20... Qe4 (20... b3 {Ftacnik} 21. Nb5 (21. Qd2 Qxf6 22.
Nb5 Qc6 23. O-O-O Qxb5 24. Qd5+ Kc8 $17) 21... Qc6 22. f3 Qxb5 23. Qd5+ Qc6 24.
Qxc4 Ne5 25. Qxb3+ Kc8 $19) 21. Ke2 (21. Rg1 Bh6 22. Nb5 Ne5 23. Nd6+ Rxd6 24.
Qxd6 Bxe3 $19) 21... Bh6 22. Qb1 (22. Nb5 Ne5 23. Nd6+ Rxd6 24. Qxd6 Bxe3 $19)
22... Qxb1 23. Rhxb1 Bxe3 24. Kxe3 Kxa7 25. axb4+ Kb6 $19 26. Rc1 Rde8+ 27. Kf4
Ne5 28. bxc5+ Kb5 29. Rc2 Rxh2 30. Ra7 Rh6 31. Re7 Nd3+ 32. Kg5 Rg6+ 33. Kf5
Rxe7 34. fxe7 Re6 35. c6 Rxe7 36. Kf6 Rc7 37. f4 Nb4 38. Rd2 Kxc6 39. f5 Nd5+
40. Kg7 f6+ 41. Kg6 Rb7 42. g4 Rb3 43. Kf7 Rg3 44. Rd4 Kc5 45. Re4 Rg2 {
0-1 Onischuk,A-Obodchuk,A/Poikovsky 2003/CBM 95/[Lutz] (45)}) 17... O-O-O 18.
Bf4 $2 (18. Nxa7+ {sieht besser aus:} Kb8 19. Qa4 Bxg2+ 20. Kxg2 Kb7 21. Nb5
Qc6+ 22. f3 Ra8 23. Qd1 Qxb5 24. Qd5+ Qc6 25. Qxf7 Bd6 $13) 18... Bxg2+ 19.
Kxg2 Qc6+ 20. Qf3 Qxb5 $19 {Damit ist eine Figur weg, Weiß hat keine
ausreichende Kompensation dafür.} 21. Qa8+ Nb8 22. Bxb8 Qxb8 23. Qc6+ Qc7 24.
Qa8+ Kd7 25. Qd5+ Bd6 26. Rhe1 Kc8 27. Qa8+ Qb8 28. Qc6+ Bc7 29. Re7 Qb7 30.
Qxb7+ Kxb7 31. Rxf7 Kc6 32. Rc1 Be5 33. Rxc4 Bxb2 34. Rc2 Bd4 35. Rxa7 Ra8 36.
Re7 Rhe8 37. Rh7 Rf8 38. f7 Ra7 39. h4 Raxf7 40. Rh6+ Rf6 41. Rxf6+ Bxf6 42. f4
Kd5 43. h5 c4 44. g4 b3 45. axb3 cxb3 46. Rc1 b2 47. Rb1 Rc8 48. g5 Rc1 49.
gxf6 Rxb1 50. f7 Rg1+ 0-1

[Event "Sufe Cup"]
[Site "Shanghai"]
[Date "2000.03.06"]
[Round "4"]
[White "Filippov, Valerij"]
[Black "Wang, Lei"]
[Result "1-0"]
[WhiteElo "2584"]
[BlackElo "2495"]
[Annotator "Lutz,C"]
[PlyCount "57"]
[EventDate "2000.03.03"]
[EventType "tourn"]
[EventRounds "13"]
[EventCountry "CHN"]
[EventCategory "13"]
[SourceTitle "CBM 076"]
[Source "ChessBase"]
[SourceDate "2000.05.31"]
[SourceVersion "1"]
[SourceVersionDate "2000.05.31"]
[SourceQuality "1"]

1. Nf3 d5 2. d4 c6 3. c4 Nf6 4. Nc3 e6 5. Bg5 dxc4 6. e4 b5 7. e5 h6 8. Bh4 g5
9. Nxg5 hxg5 10. Bxg5 Nbd7 11. exf6 Bb7 12. g3 c5 13. d5 Qb6 14. Bg2 O-O-O 15.
O-O b4 16. Na4 Qb5 17. a3 exd5 18. axb4 d4 19. Bxb7+ Kxb7 20. Re1 $5 {Führt zu
einer Stellung, die harmlos für Schwarz ist.} (20. Nc3) (20. bxc5) (20. Nxc5+)
(20. Bf4) 20... cxb4 {Durch Zugumstellung sind wir bei einer Partie Beliavsky,
A-Lutz,C (München 1994) angelangt.} 21. Qxd4 $1 (21. Qf3+ $2 Qc6 22. Qf5 Bd6
23. Re4 Rde8 $17 {0-1 Beliavsky,A-Lutz,C/Munich 1994/CBM 42/[Ftacnik] (41)})
21... Qxg5 22. Qxc4 Nb6 $2 {Stellt die Partie ein, gerade als es spannend wird.
} (22... Rc8 23. Qxf7 Rc7 $13 {Auf diese Möglichkeit hatte ich bereits im
Informator 60/418 hingewiese. Schwarz steht nicht schlechter.}) 23. Nxb6 axb6
24. Qxf7+ Kc6 25. Qe6+ Kb7 (25... Bd6 26. Rec1+ Kb7 27. Qe4+ $18) 26. Qf7+ {
Weiß gewinnt noch etwas Zeit durch eine Zugwiederholung ...} Kc6 27. Qe6+ Kb7
28. Red1 $18 {...ehe er den Gewinnzug ausführt.} Rxd1+ 29. Rxd1 (29. Rxd1 Bc5
30. Rd7+ Kb8 (30... Ka6 31. Qc4+ b5 32. Qa2+ Kb6 33. Qa7+ Kc6 34. Qb7#) 31. Qc6
Bxf2+ 32. Kf1 $18) 1-0

[Event "EU-ch 6th"]
[Site "Warsaw"]
[Date "2005.06.19"]
[Round "2"]
[White "Radjabov, Teimour"]
[Black "Mastrovasilis, Dimitrios"]
[Result "1-0"]
[WhiteElo "2673"]
[BlackElo "2562"]
[Annotator "Lutz,C"]
[PlyCount "45"]
[EventDate "2005.06.18"]
[EventType "swiss"]
[EventRounds "13"]
[EventCountry "POL"]
[SourceTitle "CBM 108"]
[Source "ChessBase"]
[SourceDate "2005.09.26"]
[SourceVersion "1"]
[SourceVersionDate "2005.09.26"]
[SourceQuality "1"]

1. d4 d5 2. c4 c6 3. Nc3 Nf6 4. Nf3 e6 5. Bg5 dxc4 (5... h6 6. Bh4 dxc4 7. e4
g5 8. Bg3 b5 9. e5 $5) 6. e4 b5 7. e5 h6 8. Bh4 g5 9. Bg3 $5 {Eine seltene
Variante, die auch über die Zugfolge 5...h6 6.Bh4 dxc4 7.e4 g5 8.Bg3 b5 9.e5
entstehen kann. Mir scheint jedoch, dass Schwarz keine Problem hat, denn mit
e4-e5 hat Weiß seine Karten im Zentrum schon sehr früh aufgedeckt.} (9. Nxg5 {
ist natürlich der kritische Zug.}) 9... Nd5 {Die Alternative ist 9...Nh5. Man
darf gespannt sein zu erfahren, was Radjabov darauf geplant hatte.} (9... Nh5
10. Be2 Nxg3 (10... Bb7 11. Nxg5 $1 {Erenburg} (11. a4 b4 12. Ne4 c5 13. Nxc5
Bxc5 14. dxc5 Qxd1+ 15. Rxd1 Nd7 {0-1 Popov,V-Dreev,A/Kazan 1995/CBM 51 (40)})
11... Nxg3 12. Nxf7 Kxf7 13. fxg3 $1 Kg7 14. O-O Bb4 15. Bh5 Rf8 16. Qg4+ Qg5
17. Qxe6 Qxh5 18. Rxf8 Bxf8 19. Rf1 $40) 11. hxg3 Nd7 12. a4 Bb4 (12... Bb7 $5
{Erenburg} 13. axb5 c5 $15) 13. Nd2 $6 (13. Kf1 $5 {Erenburg} Bb7 $5 14. axb5
c5 $132) 13... Bb7 14. Nde4 (14. Bf3 {Erenburg} Qb6 $17) (14. axb5 {Erenburg}
cxb5 15. Nxb5 Bxg2 16. Rh2 Bd5 17. Nc3 Nb6 18. Bxc4 Bxc4 19. Nxc4 Nxc4 20. Qa4+
Qd7 21. Qxb4 Qxd4 $17) 14... Be7 $1 $17 {0-1 Halldorsson,B-Erenburg,S/
Reykjavik 2004/CBM 99 ext/[Erenburg] (24)}) 10. Nd2 {Weiß beugt Drohungen auf
der Diagonalen a5-e1 vor und bereitet Nd2-e4 vor.} (10. Be2 Qa5 11. Rc1 Bb7 12.
O-O Nxc3 13. bxc3 Ba3 14. h4 $5 Bxc1 15. Qxc1 Qxa2 16. Qe3 Nd7 17. Nd2 O-O-O
18. Ne4 Nb6 19. Nd6+ Kb8 20. Bh5 Nd5 21. Qf3 Rhf8 22. Bxf7 Qd2 $17 23. Qg4 Nxc3
24. Qxe6 Ne2+ 25. Kh2 Nxg3 26. fxg3 Qxd4 27. Qe7 Qb6 28. e6 Qc7 29. Qxc7+ Kxc7
30. Nxb7 Kxb7 31. e7 Rb8 32. Kh3 c3 33. exf8=Q Rxf8 34. hxg5 hxg5 35. Kg4 c2
36. Kxg5 Rxf7 37. Rxf7+ Kb6 {0-1 Piket,J-Anand,V/Monte Carlo 1994/CBM 40 ext 
(37)}) 10... Bb7 {Die Alternative 10...h5!? wurde in zwei Partien von Kogan
gespielt.} (10... h5 $5 {Meines Erachtens schwächt Schwarz sich nur selbst mit
diesemZug.} 11. h4 g4 12. Be2 (12. a4 Bb7 13. Be2 Nxc3 14. bxc3 c5 15. axb5
Bxg2 16. Rg1 Bd5 17. Nxc4 Bxc4 18. Bxc4 Nd7 19. Bf1 cxd4 20. Bg2 dxc3 21. Bc6
Qc7 22. Qd4 c2 23. Ke2 Bg7 24. Bxa8 O-O 25. Rxa7 c1=Q 26. Rxc1 Qxc1 27. Qxd7
Bh6 28. Be4 {1-0 Kogan,A-Stripunsky,A/Toronto 2000/EXT 2001 (28)}) 12... Nd7
13. a4 Bb7 14. O-O a6 15. Nde4 Qb6 16. Qd2 Be7 17. Nd6+ Bxd6 18. exd6 O-O-O 19.
Nxd5 cxd5 20. axb5 axb5 21. b3 Nf6 22. Qf4 Ne4 23. d7+ Kxd7 24. Qxf7+ Kc8 25.
Be5 Rhf8 26. Qxh5 Rf5 27. Qxg4 Rdf8 28. bxc4 dxc4 29. Bxc4 Rxe5 30. Qg7 Rd8 31.
Rfc1 bxc4 32. Rxc4+ Rc5 33. dxc5 Qc6 34. Rb4 Re8 35. Qe5 Re7 36. Ra8+ Bxa8 37.
Qb8+ Kd7 38. Rd4+ Qd5 39. Rxd5+ Bxd5 40. Qb6 Kc8 41. f3 Rb7 42. Qa5 Nf6 43. c6
Bxc6 44. Qc3 Rb1+ 45. Kh2 Kd7 46. Qxf6 Bd5 47. Qf7+ Kd6 48. Qf4+ Kd7 49. Qa4+
Ke7 50. h5 Rb7 51. Qh4+ Kf7 52. Qg5 Kf8 53. h6 Rf7 54. Qg6 e5 55. h7 Rxh7+ 56.
Qxh7 {1-0 Kogan,A-Dgebuadze,A/Utrecht 1999/EXT 2000 (56)}) 11. Be2 Nd7 12. O-O
Qb6 13. a4 a6 14. Nde4 Be7 15. Qd2 h5 $2 {Bis hierhin hat Schwarz normale Züge
gemacht. Der Textzug verliert einfach einen Bauern, stattdessen wäre Zeit für .
..c6-c5 gewesen.} (15... c5 16. dxc5 Nxc5 17. Nxc5 Bxc5 18. Ne4 O-O 19. h4) 16.
Nxd5 exd5 (16... cxd5 17. Nxg5 h4 18. Bf4 bxa4 19. Rxa4 Bc6 {ist zwar auch
unangenehm, sieht aber besser aus.}) 17. Nxg5 $16 {Weiß hat seinen Bauern
zurückgewonnen, bei anhaltendem Angriff.} c5 18. Rae1 $1 {Durch die
Gegenüberstellung Re1 - Ke8 wird das Motiv e5-e6 ermöglicht.} h4 (18... cxd4
19. e6 fxe6 20. Nxe6 $18) (18... Qg6 19. Nxf7 $1 Qxf7 (19... Kxf7 20. e6+) 20.
e6) 19. Bf4 Nf8 20. e6 $1 Nxe6 21. Bg4 Bxg5 (21... Nxd4 22. Qe3 Qd8 23. Qe5 $18
) 22. Bxg5 cxd4 23. Qb4 {Gegen das Schach auf e7 ist kein Kraut mehr gewachsen.
} 1-0